Robinson redux (Record no. 82995)

MARC details
000 -LEADER
fixed length control field 00764cab a22002055a 4500
001 - CONTROL NUMBER
control field L152538
008 - FIXED-LENGTH DATA ELEMENTS--GENERAL INFORMATION
fixed length control field 110325s2011 xxk f 000 0 eng d
035 ## - SYSTEM CONTROL NUMBER
System control number (Sirsi) u152538
041 0# - LANGUAGE CODE
Language code of text/sound track or separate title eng
100 1# - MAIN ENTRY--PERSONAL NAME
Personal name Pliener, David
245 00 - TITLE STATEMENT
Title Robinson redux
Remainder of title be careful what you wish for
260 ## - PUBLICATION, DISTRIBUTION, ETC.
Date of publication, distribution, etc. 2011
490 #0 - SERIES STATEMENT
Series statement Construction Law Journal
Volume/sequential designation 27(2) 2011, 117-132(16)
520 ## - SUMMARY, ETC.
Summary, etc. Discusses whether the Court of Appeal's decision in Robinson v Jones has finally resolved the issue; construction contracts; contractual liability; duty of care; latent defects; tortious liablity.
590 ## - LOCAL NOTE (RLIN)
Local note KA
651 #4 - SUBJECT ADDED ENTRY--GEOGRAPHIC NAME
Geographic name England
Chronological subdivision 886-
690 ## - LOCAL SUBJECT ADDED ENTRY--TOPICAL TERM (OCLC, RLIN)
Topical term or geographic name as entry element BUILT ENVIRONMENT-CONSTRUCTION MANAGEMENT-BUILDING CONTRACT ADMINISTRATION
700 ## - ADDED ENTRY--PERSONAL NAME
Personal name Wheater, Michael
942 ## - ADDED ENTRY ELEMENTS (KOHA)
Suppress in OPAC 0
Holdings
Withdrawn status Lost status Source of classification or shelving scheme Damaged status Not for loan Home library Current library Shelving location Date acquired Total Checkouts Full call number Barcode Date last seen Copy number Price effective from Koha item type
    Dewey Decimal Classification     London London Journal article 25/03/2011   L152538 152538-1001 06/08/2019 1 06/08/2019 Journal article